000 00305nam a22001337a 4500
008 210225b ||||| |||| 00| 0 eng d
020 _a9780495901136
041 _aeng
080 _25th
_a070
100 _a39
101 _aMED
245 _aEssentials of Public Speaking
_cHamilton,CH
942 _2udc
_cBK
999 _c55218
_d55218